Evangelisches Religionsbuch 4. Teil Lesebuch zur Kirchengeschichte für höhere Lehranstalten und zum Selbststudium 1. Band Bis zur Reformation

Gespeichert in:
Bibliographische Detailangaben
Körperschaften: Ernst Wunderlich (Verlag), Hesse & Becker (DruckerIn)
Weitere Verfasser: Reukauf, August (HerausgeberIn), Heyn, Ernst (HerausgeberIn)
Format: E-Book
Sprache:Deutsch
Erschienen: Leipzig Verlag von Ernst Wunderlich 1904
Katalog:GEI:  Suchergebnis im Bibliothekskatalog
Schulbuchspezifische Eigenschaften:
Schlagworte:
Online-Zugang:kostenfrei
Tags: Tag hinzufügen
Keine Tags, Fügen Sie den ersten Tag hinzu!
Hinzugefügt zu:04.11.2025
Geändert in:04.11.2025

MARC

LEADER 00000cam a2200000 cc4500
001 1940327466
003 DE-627
005 20260310114011.0
007 cr uuu---uuuuu
008 251105s1904 xx |||||o 00| ||ger c
035 |a (DE-627)1940327466 
035 |a (DE-599)KXP1940327466 
035 |a (OCoLC)1548370802 
040 |a DE-627  |b ger  |c DE-627  |e rda 
041 |a ger 
044 |c XA-DXDE 
084 |a 30  |2 ssgn 
084 |a f2013:0221  |2 isced 
084 |a p2011:2  |2 isced 
245 0 0 |a Evangelisches Religionsbuch  |n 4. Teil  |p Lesebuch zur Kirchengeschichte für höhere Lehranstalten und zum Selbststudium  |n 1. Band  |p Bis zur Reformation  |c von A. Reukauf und E. Heyn 
256 |a TIFF, Vers. 6.0, 400 ppi, 24 bit (Farbe), RGB; Digitalisierungsvorlage: Primärausgabe 
264 1 |a Leipzig  |b Verlag von Ernst Wunderlich  |c 1904 
264 3 |a Leipzig  |b Druck von Hesse & Becker  |c 1904 
300 |a VI, 176 Seiten 
336 |a Text  |b txt  |2 rdacontent 
337 |a Computermedien  |b c  |2 rdamedia 
338 |a Online-Ressource  |b cr  |2 rdacarrier 
385 |a Schüler  |0 (DE-588)4053369-4  |0 (DE-627)106167367  |0 (DE-576)20910354X 
506 0 |q DE-Bs78  |a Open Access  |e Controlled Vocabulary for Access Rights  |u http://purl.org/coar/access_right/c_abf2 
533 |a Online-Ausgabe  |b Braunschweig  |c Leibniz-Institut für Bildungsmedien | Georg-Eckert-Institut  |d 2025  |e 1 Online-Ressource  |7 |2025|||||||||| 
535 1 |a GEI Braunschweig  |3 WDG-II 31(1,04)4,1 
540 |q DE-Bs78  |a Public Domain Mark 1.0  |f PDM 1.0  |2 cc  |u http://creativecommons.org/publicdomain/mark/1.0/ 
546 |a Fraktur 
655 7 |a Schulbuch  |0 (DE-588)4053458-3  |0 (DE-627)104383704  |0 (DE-576)209103922  |2 gnd-content 
689 0 0 |D s  |0 (DE-588)4030720-7  |0 (DE-627)104814403  |0 (DE-576)208988815  |a Kirchengeschichte  |2 gnd 
689 0 1 |D s  |0 (DE-588)4071045-2  |0 (DE-627)104814217  |0 (DE-576)209182733  |a Evangelischer Religionsunterricht  |2 gnd 
689 0 2 |D s  |0 (DE-588)4025356-9  |0 (DE-627)104767839  |0 (DE-576)208960317  |a Höhere Schule  |2 gnd 
689 0 3 |D s  |0 (DE-588)4134838-2  |0 (DE-627)105669601  |0 (DE-576)20965564X  |a Lyzeum  |2 gnd 
689 0 4 |D s  |0 (DE-588)4180852-6  |0 (DE-627)104648538  |0 (DE-576)210000902  |a Selbststudium  |2 gnd 
689 0 5 |D s  |0 (DE-588)4054365-1  |0 (DE-627)106162993  |0 (DE-576)209108401  |a Sekundarstufe 1  |2 gnd 
689 0 6 |D g  |0 (DE-588)4011882-4  |0 (DE-627)104704861  |0 (DE-576)208896155  |a Deutschland  |2 gnd 
689 0 |5 (DE-627) 
700 1 |a Reukauf, August  |d 1867-1941  |e herausgeberin  |0 (DE-588)118891901  |0 (DE-627)07966833X  |0 (DE-576)210300310  |4 edt 
700 1 |a Heyn, Ernst  |d 1860-1926  |e herausgeberin  |0 (DE-588)102259453  |0 (DE-627)639544460  |0 (DE-576)333556194  |4 edt 
710 2 |a Ernst Wunderlich  |g Firma  |e Verlag  |0 (DE-588)1058047299  |0 (DE-627)796346186  |0 (DE-576)414046048  |4 pbl 
710 2 |a Hesse & Becker  |e DruckerIn  |0 (DE-588)5556137-8  |0 (DE-627)385672551  |0 (DE-576)199677050  |4 prt 
751 |a Leipzig  |0 (DE-588)4035206-7  |0 (DE-627)104798998  |0 (DE-576)209011246  |4 pup 
773 1 8 |w (DE-627)1901023699  |g Ausgabe A, 4. Teil, 1. Band  |q a,4,1.1904  |7 nnam 
776 0 8 |i Elektronische Reproduktion von  |t Evangelisches Religionsbuch ; Ausgabe A, 4. Teil, 1. Band: Lesebuch zur Kirchengeschichte für höhere Lehranstalten und zum Selbststudium: Bis zur Reformation  |d Leipzig : Verlag von Ernst Wunderlich, 1904  |h VI, 176 Seiten  |w (DE-627)515222143  |n GEI Braunschweig -- WDG-II 31(1,04)4,1 
856 4 0 |u http://gei-digital.gei.de/cms/ppnresolver/?PPN1940327466  |x Digitalisierung  |z kostenfrei  |7 0 
912 |a GBV_ILN_216 
912 |a ISIL_DE-Bs78 
912 |a SYSFLAG_1 
912 |a GBV_KXP 
912 |a GBV_ILN_2403 
912 |a ISIL_DE-LFER 
951 |a MV 
980 |2 216  |1 01  |x 3708  |b 4797123842  |h gd15  |y zsb  |z 05-11-25 
980 |2 2403  |1 01  |x DE-LFER  |b 4948484342  |c 00  |f --%%--  |d --%%--  |e n  |j --%%--  |y l01  |z 07-04-26 
981 |2 2403  |1 01  |x DE-LFER  |r http://gei-digital.gei.de/cms/ppnresolver/?PPN1940327466 
983 |2 216  |1 00  |x DE-Bs78  |8 00  |a l000 
983 |2 216  |1 00  |x DE-Bs78  |8 00  |a s05 
983 |2 216  |1 00  |x DE-Bs78  |8 00  |a dsb 
983 |2 216  |1 00  |x DE-Bs78  |8 00  |a z200 
995 |2 216  |1 01  |x 3708  |a gd15